000 00332nam a2200133Ia 4500
008 151213s9999 xx 000 0 und d
100 _aJohn Drinkwater
245 _aVictorian Poetry
_cJohn Drinkwater
260 _aLondon
_bHodder & Stoughton
300 _a1900 p.
650 _aEnglish
700 _aJohn Drinkwater
999 _c1405
_d1405